Sea quest : (Record no. 7525)

MARC details
000 -LEADER
fixed length control field 01193nam a22003017a 4500
001 - CONTROL NUMBER
control field 7525
003 - CONTROL NUMBER IDENTIFIER
control field FISKH
005 - DATE AND TIME OF LATEST TRANSACTION
control field 20250819110758.0
008 - FIXED-LENGTH DATA ELEMENTS--GENERAL INFORMATION
fixed length control field 250723b cb ||||| |||| 00| 0 eng d
020 ## - INTERNATIONAL STANDARD BOOK NUMBER
International Standard Book Number 9781408324134
040 ## - CATALOGING SOURCE
Original cataloging agency FISKH
Language of cataloging eng
Transcribing agency FISKH
Modifying agency FISKH
050 ## - LIBRARY OF CONGRESS CALL NUMBER
Classification number PZ7.
082 ## - DEWEY DECIMAL CLASSIFICATION NUMBER
Classification number 823.92
100 ## - MAIN ENTRY--PERSONAL NAME
Personal name Blade, Adam
245 ## - TITLE STATEMENT
Title Sea quest :
Remainder of title Crusher the creeping terror /
Statement of responsibility, etc. By Adam Blade
250 ## - EDITION STATEMENT
Edition statement This edition first published in 2013
260 ## - PUBLICATION, DISTRIBUTION, ETC.
Place of publication, distribution, etc. Sydney :
Name of publisher, distributor, etc. Orchard,
Date of publication, distribution, etc. 2000
300 ## - PHYSICAL DESCRIPTION
Extent 118 pages :
Other physical details illustrations ;
Dimensions 20 cm
505 ## - FORMATTED CONTENTS NOTE
Formatted contents note J<br/>
520 ## - SUMMARY, ETC.
Summary, etc. A new Sea Quest continues! Far beneath the waves, Max's Quest grows ever more challenging as he encounters mythical sea creatures. Max must tackle Crusher the Creeping Terror, or the evil Professor and his Robobeast will ruin the precious Crystal Forest! Don't miss the other books in this series: Shredder the Spider Droid, Stinger the Sea Phantom and Mangler the Dark Menace.<br/>
521 8# - TARGET AUDIENCE NOTE
Target audience note 500 estimated<br/><br/>
Source Lexile<br/>
521 8# - TARGET AUDIENCE NOTE
Target audience note J<br/>
Source Raz-Plus<br/>
650 ## - SUBJECT ADDED ENTRY--TOPICAL TERM
Source of heading or term Children's fiction
Topical term or geographic name entry element Sea
650 ## - SUBJECT ADDED ENTRY--TOPICAL TERM
Source of heading or term Creeping
Topical term or geographic name entry element Robot
700 ## - ADDED ENTRY--PERSONAL NAME
Personal name Doodlers, Artful
Dates associated with a name illustrator
942 ## - ADDED ENTRY ELEMENTS (KOHA)
Source of classification or shelving scheme Dewey Decimal Classification
Koha item type Books
Suppress in OPAC No
Holdings
Withdrawn status Lost status Source of classification or shelving scheme Damaged status Not for loan Collection Home library Current library Shelving location Date acquired Total Checkouts Full call number Barcode Date last seen Copy number Price effective from Koha item type
    Dewey Decimal Classification     Juvenile Fiction Footprints International School Library Network Toul Tom Poung Campus Footprints International School Library Network Toul Tom Poung Campus TTP Primary Dark Blue Bookshelves 07/23/2025   BLA 823.92 PZ7 2025-2781 07/23/2025 1 07/23/2025 Books
    Dewey Decimal Classification     Juvenile Fiction Footprints International School Library Network Toul Tom Poung Campus Footprints International School Library Network Toul Tom Poung Campus TTP Primary Dark Blue Bookshelves 08/19/2025   BLA 823.92 PZ7 2025-4140 08/19/2025 2 08/19/2025 Books